| 000 | 00468nam a22001697a 4500 | ||
|---|---|---|---|
| 005 | 20250122125142.0 | ||
| 008 | 250122b |||||||| |||| 00| 0 eng d | ||
| 020 | _a9780946183272 | ||
| 050 |
_aHM51 _bSOC |
||
| 245 |
_aSociology; _ba new approach _cedited by Haralambos, Michael |
||
| 250 | _a2nd | ||
| 260 |
_aLancashire _bCauseway Press Ltd _cc1987 |
||
| 300 |
_axii, 411p; _bill.; |
||
| 500 | _aincludes index | ||
| 700 | _aHaralambos, Michael | ||
| 942 |
_2lcc _cBK _n0 |
||
| 999 |
_c2790 _d2790 |
||